|
|
|
|
| LEADER |
01268nam a2200349 i 4500 |
| 001 |
34399 |
| 003 |
BD-DhAAL |
| 005 |
20211207130343.0 |
| 008 |
190325t2018 enk b 001 0 eng |
| 999 |
|
|
|c 40618
|d 40618
|
| 010 |
|
|
|a 2017051631
|
| 020 |
|
|
|a 9780415788526 (hbk)
|
| 020 |
|
|
|z 9781315225210 (ebk)
|
| 040 |
|
|
|a DLC
|b eng
|c DLC
|e rda
|d DLC
|d BD-DhAAL
|
| 042 |
|
|
|a pcc
|
| 050 |
0 |
0 |
|a HD5855
|b .A55 2018
|
| 082 |
0 |
0 |
|a 331.408691
|2 23
|
| 100 |
1 |
|
|a Amrith, Megha
|9 30602
|
| 245 |
1 |
0 |
|a Gender, work and migration :
|b agency in gendered labour settings /
|c edited by Megha Amrith and Nina Sahraoui.
|
| 250 |
|
|
|a First edition.
|
| 260 |
|
|
|a London ;
|a New York :
|b Routledge, Taylor & Francis Group,
|c c2018.
|
| 300 |
|
|
|a xiv, 206 pages ;
|c 25 cm.
|
| 490 |
0 |
|
|a Studies in migration and diaspora
|
| 504 |
|
|
|a Includes bibliographical references and index.
|
| 526 |
|
|
|a ESS
|
| 541 |
|
|
|a Parama
|e 34399
|
| 650 |
|
0 |
|a Women migrant labor.
|9 30603
|
| 650 |
|
0 |
|a Economics.
|9 43526
|
| 700 |
1 |
|
|a Sahraoui, Nina
|9 30604
|
| 852 |
|
|
|a Ayesha Abed Library
|c General Stacks
|
| 942 |
|
|
|2 ddc
|c BK
|
| 952 |
|
|
|0 0
|1 0
|2 ddc
|4 0
|6 331_408691000000000_AMR
|7 0
|9 65157
|a BRACUL
|b BRACUL
|c GEN
|d 2019-02-26
|e Parama
|g 8165.00
|l 0
|o 331.408691 AMR
|p 3010034399
|r 2019-02-26
|t 1
|v 8165.00
|w 2019-02-26
|y BK
|